Tvorba malvéru so zameraním na obchádzanie detekcie detonačným prostredím
Saved in:
| Main Author: | |
|---|---|
| Other Authors: | |
| Format: | Manuscript Book |
| Language: | Slovak |
| Published: |
2025
|
| Subjects: | |
| Online Access: | http://is.stuba.sk/zp/portal_zp.pl?podrobnosti=175373 |
| Tags: |
No Tags, Be the first to tag this record!
|
MARC
| LEADER | 00000ntm a22000003a 4500 | ||
|---|---|---|---|
| 001 | stuzp102940 | ||
| 003 | SK-STU | ||
| 005 | 20250614211853.2 | ||
| 007 | ta | ||
| 008 | 150427s2015----xo-----f-mn---000-0-slo-d | ||
| 040 | |a STU |b slo | ||
| 041 | 0 | |a slo | |
| 100 | 1 | |a Štefančík, Lukáš |u 070400 |4 aut |U FIIT Fakulta informatiky a informačných technológií |T FIIT Ústav počítačového inžinierstva a aplikovanej informatiky |X 120891 |U I400 |Y 672 |7 120891 | |
| 242 | 0 | 1 | |a Malware Development with a Focus on Bypassing Detection in Detonation Environments |y eng |
| 245 | 1 | 0 | |a Tvorba malvéru so zameraním na obchádzanie detekcie detonačným prostredím |
| 260 | |c 2025 | ||
| 650 | 4 | |a Dynamic analysis |2 eng | |
| 650 | 4 | |a Sandbox environment detection |2 eng | |
| 650 | 4 | |a Windows |2 eng | |
| 650 | 4 | |a Evasive malware |2 eng | |
| 650 | 4 | |a Vyhýbavý malvér |2 slo | |
| 650 | 4 | |a Windows |2 slo | |
| 650 | 4 | |a Detekcia detonačného prostredia |2 slo | |
| 650 | 4 | |a Dynamická analýza |2 slo | |
| 700 | 1 | |a Gajdošík, Adam |4 ths |X 96853 |7 96853 | |
| 856 | 4 | |u http://is.stuba.sk/zp/portal_zp.pl?podrobnosti=175373 | |